| 000 | 00824nmc a2200301 a 4500 | ||
|---|---|---|---|
| 003 | AR-BaBNM | ||
| 005 | 20251128203434.0 | ||
| 008 | 256019s1961 ||||||||||||||000 | spa|| | ||
| 040 | _cAR-BaBNM | ||
| 100 | 1 | _aMartí, José | |
| 245 | 1 | 0 | _aPáginas escogidas |
| 250 | _a3ª ed. | ||
| 260 |
_aBuenos Aires _bKapelusz _c1961 |
||
| 300 | 1 | _axii, 116 p. | |
| 490 | 0 | _aGrandes obras de la literatura universal | |
| 500 | 0 | _aNotas de Fermín Estrella Gutiérrez | |
| 500 | 0 | _aContiene cronología en p. vii | |
| 585 | _aExpuesto en: Feria del Libro 2006 | ||
| 650 | 4 | _aPERIODISMO | |
| 650 | 4 | _aCOMPOSICION LITERARIA | |
| 650 | 4 | _aPOESIA | |
| 653 | 0 | _aMODERNISMO | |
| 653 | 0 | _aLITERATURA CUBANA | |
| 655 | _aLITERATURA | ||
| 700 | 1 |
_aEstrella Gutiérrez, Fermin _eprologuista |
|
| 942 | _cBK | ||
| 998 | _cisola | ||
| 999 |
_c3391 _d3391 |
||